|
|
|
|
| LEADER |
00000nam a2200000Ii 4500 |
| 001 |
DIGUPERCA0019 |
| 003 |
NyNyDIG |
| 006 |
m o d |
| 007 |
cr ||||||||||| |
| 008 |
220704s2015 pe ob 000 0 spa d |
| 035 |
|
|
|a (OCoLC)1350508018
|
| 040 |
|
|
|a DGITA
|b eng
|e rda
|e pn
|c DGITA
|
| 020 |
|
|
|a 9786124191640
|q versión pdf
|
| 020 |
|
|
|z 9786124191572
|q versión impresa
|
| 043 |
|
|
|a s-pe---
|
| 050 |
1 |
4 |
|a KHQ822 ebook
|
| 082 |
0 |
4 |
|a 346.8502
|
| 100 |
1 |
|
|a Soria Aguilar, Alfredo F.,
|e author.
|
| 245 |
1 |
0 |
|a Contratos modernos :
|b elementos esenciales y reglas aplicables para acuerdos comerciales /
|c Alfredo F. Soria Aguilar, Madeleine Osterling Letts ; prólogo de Felipe Osterling Parodi.
|
| 250 |
|
|
|a Versión ebook.
|
| 264 |
|
1 |
|a Lima, Perú :
|b Universidad Peruana de Ciencias Aplicadas,
|c [2015]
|
| 300 |
|
|
|a 1 online resource.
|
| 336 |
|
|
|a text
|b txt
|2 rdacontent
|
| 337 |
|
|
|a computer
|b c
|2 rdamedia
|
| 338 |
|
|
|a online resource
|b cr
|2 rdacarrier
|
| 347 |
|
|
|a text file
|2 rdaft
|
| 347 |
|
|
|b PDF
|
| 504 |
|
|
|a Includes bibliographical references.
|
| 588 |
0 |
|
|a Online resource; title from PDF title page (Digitalia, viewed July 4, 2022)
|
| 650 |
|
0 |
|a Contracts
|z Peru.
|
| 650 |
|
0 |
|a Labor contract
|z Peru.
|
| 655 |
|
0 |
|a Electronic books.
|
| 700 |
1 |
|
|a Osterling Letts, Madeleine,
|e author.
|
| 700 |
1 |
|
|a Osterling Parodi, Felipe,
|e contributor agent of text.
|
| 791 |
2 |
|
|a Digitalia (Firm),
|e distributor.
|
| 793 |
0 |
|
|g Digitalia eBook Collection:
|a Universidad Peruana de Ciencias Aplicadas
|
| 776 |
0 |
8 |
|i Print version:
|a Soria Aguilar, Alfredo F.
|t Contratos modernos.
|b Primera edición.
|d Lima, Perú : Universidad Peruana de Ciencias Aplicadas, [2014]
|z 9786124191572
|
| 856 |
4 |
0 |
|3 Digitalia Hispánica
|u https://www.digitaliapublishing.com/a/45575/
|
| 910 |
|
|
|a Premium collection: 2022
|